[Event "Bad Godesberg op 17th"]
[Site "Bad Godesberg"]
[Date "2013.08.07"]
[Round "5"]
[White "Grosse Gehling, Thomas"]
[Black "Kohler, Otto"]
[Result "0-1"]
[WhiteElo "1814"]
[BlackElo "1992"]
[PlyCount "24"]
[EventDate "2013.08.03"]
[EventType "swiss"]
[EventRounds "9"]
[EventCountry "GER"]
[SourceTitle "CBM 155 Extra"]
[Source "ChessBase"]
[SourceDate "2013.08.26"]
[SourceVersion "1"]
[SourceVersionDate "2013.08.26"]
[SourceQuality "1"]

1. Nf3 Nf6 2. b4 d5 3. Bb2 g6 4. e3 Bg7 5. c4 0-0 6. Be2 dxc4 7. Bxc4 a5 8. a3 axb4 9. axb4 Rxa1 10. Bxa1 Bf5 11. d4 Qd6 12. Qa4 Bxb1 0-1

[Event "Troisdorf op"]
[Site "Troisdorf"]
[Date "2008.11.04"]
[Round "4"]
[White "Kohler, Otto"]
[Black "Trube, Dieter"]
[Result "1-0"]
[WhiteElo "1887"]
[BlackElo "1700"]
[PlyCount "178"]
[EventDate "2008.10.14"]
[EventType "swiss"]
[EventRounds "7"]
[EventCountry "GER"]
[SourceTitle "EXT 2011"]
[Source "ChessBase"]
[SourceDate "2010.11.26"]
[SourceVersion "1"]
[SourceVersionDate "2010.11.26"]
[SourceQuality "1"]

1. e4 d5 2. exd5 Qxd5 3. d4 Nf6 4. Nc3 Qd6 5. Nf3 a6 6. g3 Bg4 7. Bg2 Nc6 8. Bf4 Qd7 9. h3 Bh5 10. g4 Bg6 11. Ne5 Nxe5 12. dxe5 Qxd1+ 13. Rxd1 Nd7 14. Bxb7 Rd8 15. Nd5 e6 16. Nxc7+ Ke7 17. c4 h5 18. Nxa6 hxg4 19. hxg4 Rxh1+ 20. Bxh1 f6 21. exf6+ Kxf6 22. Bc6 e5 23. Bg3 Ke7 24. Bh4+ Nf6 25. Bd5 Rc8 26. c5 Ke8 27. Bb7 Rxc5 28. Nxc5 Bxc5 29. a3 Bd4 30. Bxf6 gxf6 31. Rd2 Ke7 32. f4 Kd6 33. f5 Bf7 34. Rc2 Bb3 35. Rd2 Kc7 36. Bf3 Kb6 37. Kf1 Kc5 38. Kg2 Bf7 39. Rc2+ Kd6 40. b4 Be8 41. Be2 Ba4 42. Rc8 Bb2 43. Rd8+ Ke7 44. Rd3 Bc6+ 45. Kg3 e4 46. Rb3 Be5+ 47. Kh3 Ba4 48. Re3 Bc2 49. Bc4 Kd6 50. Re2 Bb1 51. Kg2 Bd4 52. Ba6 Ke5 53. Kg3 e3 54. Bc4 Ke4 55. a4 Be5+ 56. Kg2 Kf4 57. a5 Be4+ 58. Kf1 Bc3 59. a6 Bd4 60. Ra2 Ba7 61. Be2 Kg3 62. b5 Bg2+ 63. Ke1 Be4 64. Ra1 Bc5 65. a7 Bb4+ 66. Kf1 Bg2+ 67. Kg1 Ba8 68. Rb1 Bc5 69. b6 Bb7 70. a8Q Bxa8 71. b7 Bxb7 72. Rxb7 Bd4 73. Rd7 Be5 74. Re7 Kf4 75. Kg2 Bc3 76. Bf3 Bd2 77. Re4+ Kg5 78. Be2 Be1 79. Kf3 Bd2 80. Re8 Kh6 81. Rg8 Kh7 82. Rg6 Bc3 83. Kxe3 Ba1 84. Ke4 Bb2 85. Kd5 Ba1 86. Ke6 Bb2 87. Kf7 Bc3 88. g5 fxg5 89. Rxg5 Kh6 1-0

[Event "Troisdorf op"]
[Site "Troisdorf"]
[Date "2007.10.16"]
[Round "1"]
[White "Kohler, Otto"]
[Black "Bonus, Christian"]
[Result "0-1"]
[WhiteElo "1891"]
[BlackElo "1439"]
[PlyCount "76"]
[EventDate "2007.10.16"]
[EventType "swiss"]
[EventRounds "5"]
[EventCountry "GER"]
[SourceTitle "EXT 2011"]
[Source "ChessBase"]
[SourceDate "2010.11.26"]
[SourceVersion "1"]
[SourceVersionDate "2010.11.26"]
[SourceQuality "1"]

1. e4 c5 2. c3 e6 3. d4 cxd4 4. cxd4 Bb4+ 5. Nc3 Nf6 6. Bd3 0-0 7. Nge2 Nc6 8. 0-0 h6 9. Be3 Ng4 10. Bd2 e5 11. d5 Ne7 12. Nf4 d6 13. Nh5 Bc5 14. h3 Nxf2 15. Rxf2 Ng6 16. Qf3 Qb6 17. Raf1 Qxb2 18. Na4 Bxf2+ 19. Rxf2 Qxa2 20. Bxh6 Qa1+ 21. Kh2 f5 22. Qg3 Qxa4 23. Qxg6 Qd7 24. Rxf5 Rxf5 25. exf5 Qf7 26. Qxg7+ Qxg7 27. Bxg7 a5 28. f6 Kf7 29. Ng3 a4 30. Bc4 a3 31. Ba2 Ra4 32. Ne2 Rb4 33. Nc3 Bf5 34. g4 Bd3 35. g5 e4 36. Kg3 e3 37. Kf3 e2 38. Kf2 Rf4+ 0-1

[Event "Troisdorf op"]
[Site "Troisdorf"]
[Date "2006.11.21"]
[Round "5"]
[White "Kohler, Otto"]
[Black "Kamphausen, Johannes Dieter"]
[Result "1-0"]
[WhiteElo "1867"]
[BlackElo "1808"]
[PlyCount "45"]
[EventDate "2006.10.24"]
[EventType "swiss"]
[EventRounds "7"]
[EventCountry "GER"]
[SourceTitle "EXT 2011"]
[Source "ChessBase"]
[SourceDate "2010.11.26"]
[SourceVersion "1"]
[SourceVersionDate "2010.11.26"]
[SourceQuality "1"]

1. e4 Nf6 2. e5 Nd5 3. g3 d6 4. d4 dxe5 5. dxe5 Nc6 6. Bg2 Be6 7. f4 g6 8. Nf3 Ndb4 9. Qe2 Bf5 10. Na3 e6 11. Be3 Nd5 12. Rd1 Bxa3 13. bxa3 Qe7 14. Nd4 Bg4 15. Qxg4 Nxe3 16. Bxc6+ bxc6 17. Qf3 Nxd1 18. Qxc6+ Kf8 19. Qxa8+ Kg7 20. Qxa7 Nc3 21. 0-0 Rd8 22. Nc6 Ne2+ 23. Kf2 1-0

[Event "Troisdorf op"]
[Site "Troisdorf"]
[Date "2005.12.06"]
[Round "7.9"]
[White "Kohler, Otto"]
[Black "Mertens, Etienne Andreas"]
[Result "1-0"]
[WhiteElo "1838"]
[BlackElo "1659"]
[PlyCount "133"]
[EventDate "2005.10.18"]
[EventType "swiss"]
[EventRounds "7"]
[EventCountry "GER"]
[SourceTitle "EXT 2006"]
[Source "ChessBase"]
[SourceDate "2005.11.24"]
[SourceVersion "1"]
[SourceVersionDate "2005.11.24"]
[SourceQuality "1"]

1. e4 e6 2. d4 d5 3. e5 c5 4. c3 Nc6 5. Nf3 a6 6. Bd3 cxd4 7. cxd4 Bb4+ 8. Nc3 h6 9. 0-0 Nge7 10. a3 Ba5 11. b4 Bb6 12. Bb1 Bd7 13. Ra2 Rc8 14. Ne2 Na7 15. Nf4 g6 16. h4 Nb5 17. Bb2 Rc7 18. h5 g5 19. Ne2 Rc8 20. a4 Nc7 21. Nh2 Ba7 22. Ng4 Ng8 23. Kh2 Na8 24. g3 Nb6 25. f4 Qe7 26. a5 Nc4 27. Bc3 Kd8 28. f5 Kc7 29. f6 Qe8 30. Rf3 Bb5 31. Nc1 Kb8 32. Be1 Ka8 33. Bc2 Qd7 34. Nb3 Qc6 35. Nc5 Rc7 36. Ne3 Qe8 37. g4 Qd8 38. Nf1 Qe8 39. Nd2 Qc8 40. Nb1 Qd8 41. Nc3 Be8 42. Qa1 Kb8 43. Qb1 Ka8 44. Ba4 Qc8 45. Bxe8 Qxe8 46. N3a4 Qb5 47. Rb3 Kb8 48. Nc3 Qe8 49. Bf2 Ka8 50. b5 Bxc5 51. dxc5 Nxe5 52. Bg3 Nxf6 53. bxa6 Nfxg4+ 54. Kg1 bxa6 55. Rb6 Qc8 56. Qf1 Ra7 57. Na4 f6 58. Rab2 Nd7 59. c6 Nde5 60. Rb8+ Qxb8 61. Rxb8+ Kxb8 62. Qb1+ Kc7 63. Qb6+ Kd6 64. Bxe5+ Nxe5 65. c7+ Kd7 66. Qxa7 Rc8 67. Nb6+ 1-0

[Event "Troisdorf op"]
[Site "Troisdorf"]
[Date "2005.11.29"]
[Round "6.6"]
[White "Schwarz, Andreas"]
[Black "Kohler, Otto"]
[Result "1-0"]
[WhiteElo "1935"]
[BlackElo "1838"]
[PlyCount "57"]
[EventDate "2005.10.18"]
[EventType "swiss"]
[EventRounds "7"]
[EventCountry "GER"]
[SourceTitle "EXT 2006"]
[Source "ChessBase"]
[SourceDate "2005.11.24"]
[SourceVersion "1"]
[SourceVersionDate "2005.11.24"]
[SourceQuality "1"]

1. d4 Nf6 2. c4 c5 3. e3 Nc6 4. Nc3 g6 5. Nf3 d6 6. Be2 Bg7 7. d5 Na5 8. Bd2 0-0 9. a3 Qb6 10. b4 cxb4 11. axb4 Nxc4 12. Bxc4 Qxb4 13. Bd3 Qg4 14. 0-0 Bd7 15. Be2 Rfc8 16. Ne5 Qh4 17. Nxd7 Nxd7 18. Ra4 Qh6 19. e4 g5 20. Bg4 f5 21. Bxf5 Be5 22. g3 Nf6 23. f4 gxf4 24. Ne2 b5 25. gxf4 Bb2 26. Ra2 Kh8 27. Rxb2 Rg8+ 28. Kh1 Ng4 29. Bc3+ 1-0

[Event "Troisdorf op"]
[Site "Troisdorf"]
[Date "2005.10.18"]
[Round "1.21"]
[White "Kohler, Otto"]
[Black "Stolz, Peter"]
[Result "1-0"]
[WhiteElo "1838"]
[BlackElo "1318"]
[PlyCount "43"]
[EventDate "2005.10.18"]
[EventType "swiss"]
[EventRounds "7"]
[EventCountry "GER"]
[SourceTitle "EXT 2006"]
[Source "ChessBase"]
[SourceDate "2005.11.24"]
[SourceVersion "1"]
[SourceVersionDate "2005.11.24"]
[SourceQuality "1"]

1. e4 g6 2. d4 Bg7 3. f4 e6 4. Nf3 Nc6 5. Be3 Nge7 6. Bd3 0-0 7. 0-0 d6 8. c3 a6 9. Nbd2 b5 10. Qe1 d5 11. e5 b4 12. Nh4 bxc3 13. bxc3 Nf5 14. Bf2 Bh6 15. Nxf5 exf5 16. Bh4 Qe8 17. Bf6 Bg7 18. Qh4 Be6 19. Rf3 Rb8 20. Rh3 h5 21. Qg5 Bxf6 22. exf6 1-0